Vóleibol: teoría y método de la preparación
Saved in:
| Hovedforfatter: | |
|---|---|
| Format: | Bog |
| Sprog: | spansk |
| Udgivet: |
Barcelona
PaidoTribo
1993
|
| Serier: | Colección Deporte y Entrenamiento
|
| Fag: | |
| Tags: |
Tilføj Tag
Ingen Tags, Vær først til at tagge denne postø!
|
MARC
| LEADER | 00000nam a2200000 a 4500 | ||
|---|---|---|---|
| 001 | UCY2597 | ||
| 003 | CL-VaPUC | ||
| 008 | 941104e19930000SP |||||||||||||||||spa|d | ||
| 082 | 0 | 4 | |a 796.325 |b ZHE |2 21 |
| 100 | 0 | |a Zhelezniak, Yuri Dimitrievich |e author |9 330662 | |
| 245 | 1 | 0 | |a Vóleibol: teoría y método de la preparación |
| 300 | |a 438 p | ||
| 942 | |c BK | ||
| 945 | |d 19941104 00:00:00 |a rbrito | ||
| 260 | |a Barcelona |b PaidoTribo |c 1993 | ||
| 650 | 0 | |a Voleibol |9 307522 | |
| 583 | |a last modification |c 19941104 00:00:00 |k Rodrigo Vera | ||
| 490 | 0 | |a Colección Deporte y Entrenamiento | |
| 999 | |c 230962 |d 230960 | ||
| 952 | |0 0 |1 0 |4 0 |6 796_325000000000000_ZHE_1993 |7 0 |8 A |9 233681 |a BIBEDU |b BIBEDU |d 2019-11-15 |i 3030741 |o 796.325 ZHE 1993 |p 3030741 |r 2023-08-09 |w 2019-11-15 |y BK |k EFI | ||
| 952 | |0 0 |1 0 |4 0 |6 796_325000000000000_ZHE_1993 |7 0 |8 A |9 233682 |a BIBEDU |b BIBEDU |d 2019-11-15 |i 3313220 |o 796.325 ZHE 1993 |p 3313220 |r 2025-01-21 |w 2019-11-15 |y BK |k EFI | ||